[Event "CAN-ch U1900"]
[Site "Kingston CAN"]
[Date "2019.04.21"]
[Round "6.36"]
[White "Lesage, Pierre"]
[Black "Stopic, Alexander"]
[Result "1-0"]
[WhiteElo "1676"]
[BlackElo "1689"]
[PlyCount "73"]
[EventDate "2019.04.18"]
[EventType "swiss"]
[EventRounds "9"]
[EventCountry "CAN"]

1. e4 c6 2. d3 d5 3. Nd2 e5 4. Ngf3 Bd6 5. g3 Nf6 6. Bg2 d4 7. Nc4 Qe7 8. Nxd6+
Qxd6 9. O-O h6 10. Bd2 Bg4 11. c3 dxc3 12. Bxc3 Nbd7 13. h3 Bh5 14. g4 Bg6 15.
Nh4 O-O-O 16. Qa4 Kb8 17. Nf5 Bxf5 18. exf5 Nc5 19. Qc2 Nxd3 20. Rad1 Rhe8 21.
Rd2 c5 22. Qb3 Qc7 23. Qb5 c4 24. Rfd1 Rd6 25. Ba5 Qc8 26. Rc2 Rd4 27. b3 a6
28. Qa4 b5 29. Qa3 Ka7 30. bxc4 bxc4 31. Rb1 Nd5 32. Qd6 e4 33. Bb6+ Nxb6 34.
Qxb6+ Ka8 35. Qxd4 Qc5 36. Bxe4+ Ka7 37. Qd7+ 1-0

[Event "CAN-ch U1900"]
[Site "Kingston CAN"]
[Date "2019.04.21"]
[Round "6.37"]
[White "Laurin, Marcel"]
[Black "Dickson, Raymond"]
[Result "0-1"]
[WhiteElo "1680"]
[BlackElo "1594"]
[PlyCount "56"]
[EventDate "2019.04.18"]
[EventType "swiss"]
[EventRounds "9"]
[EventCountry "CAN"]

1. d4 d5 2. c4 e6 3. a3 c6 4. c5 b6 5. cxb6 Qxb6 6. e3 Nf6 7. Nc3 Ba6 8. Be2
Bxe2 9. Ngxe2 Bd6 10. O-O Nbd7 11. f4 O-O 12. b4 a5 13. Na4 Qc7 14. Bd2 Ne4 15.
Nc5 Nxd2 16. Qxd2 axb4 17. axb4 Nb6 18. Qc3 Nc4 19. e4 Rfb8 20. Na6 Rxa6 21.
Rxa6 Bxb4 22. Qa1 Nd2 23. Rd1 Nxe4 24. Ra8 c5 25. Rxb8+ Qxb8 26. Rb1 h6 27.
dxc5 Bxc5+ 28. Kf1 Qxb1+ 0-1

[Event "CAN-ch U1900"]
[Site "Kingston CAN"]
[Date "2019.04.21"]
[Round "6.38"]
[White "Page, Dany"]
[Black "Masse-Garneau, Anthony"]
[Result "1/2-1/2"]
[WhiteElo "1740"]
[BlackElo "1742"]
[PlyCount "79"]
[EventDate "2019.04.18"]
[EventType "swiss"]
[EventRounds "9"]
[EventCountry "CAN"]

1. e4 e5 2. Nf3 Nf6 3. Nxe5 d6 4. Nf3 Nxe4 5. Nc3 Nxc3 6. dxc3 Be7 7. Be3 O-O
8. Qd2 Re8 9. O-O-O Be6 10. Kb1 a6 11. Bd3 Nc6 12. Be4 Rb8 13. Qd3 h6 14. Qd2
Bf8 15. Rhg1 Bxa2+ 16. Kxa2 Rxe4 17. b3 Qd7 18. Qd3 Rbe8 19. Kb2 Kh8 20. Nd2
R4e6 21. g4 Ne5 22. Qf5 Rf6 23. Qh5 Nf3 24. Nxf3 Rxf3 25. g5 Qh3 26. Qxh3 Rxh3
27. gxh6 gxh6 28. Rg2 Re6 29. Rdg1 Rg6 30. Rxg6 fxg6 31. Rxg6 Rxh2 32. Re6 h5
33. Re8 Kg7 34. Bh6+ Kxh6 35. Rxf8 h4 36. f4 Kg7 37. Rf5 Kg6 38. Rg5+ Kh6 39.
Rg8 h3 40. f5 1/2-1/2

[Event "CAN-ch U1900"]
[Site "Kingston CAN"]
[Date "2019.04.21"]
[Round "6.39"]
[White "Lemieux, Richard"]
[Black "Frangakis, Evan"]
[Result "0-1"]
[WhiteElo "1802"]
[BlackElo "1547"]
[PlyCount "46"]
[EventDate "2019.04.18"]
[EventType "swiss"]
[EventRounds "9"]
[EventCountry "CAN"]

1. d4 d5 2. e3 Bf5 3. Bd3 Bg6 4. f4 e6 5. Nf3 Nf6 6. O-O c5 7. c4 Bxd3 8. Qxd3
Nc6 9. a3 dxc4 10. Qxc4 cxd4 11. exd4 Be7 12. b4 Rc8 13. Qd3 O-O 14. Nbd2 Qd5
15. Nb3 a6 16. Bb2 Bd6 17. g3 Rc7 18. Rac1 Rfc8 19. Nfd2 h6 20. Nc4 Nxb4 21.
Nb6 Nxd3 22. Nxd5 Nxd5 23. Rxc7 Rxc7 0-1

[Event "CAN-ch U1900"]
[Site "Kingston CAN"]
[Date "2019.04.21"]
[Round "7.26"]
[White "Ramesh, Sanjay"]
[Black "Phillips, Brian"]
[Result "1/2-1/2"]
[WhiteElo "1777"]
[BlackElo "1654"]
[PlyCount "113"]
[EventDate "2019.04.18"]
[EventType "swiss"]
[EventRounds "9"]
[EventCountry "CAN"]

1. d4 e6 2. c4 f5 3. Nc3 Bb4 4. Nf3 Bxc3+ 5. bxc3 b6 6. Bg5 Nf6 7. e3 O-O 8. h4
Qe8 9. Bd3 Bb7 10. Bxf6 Rxf6 11. Rg1 d6 12. Nd2 e5 13. Qe2 e4 14. Bc2 Nd7 15.
g4 fxg4 16. Rxg4 Rg6 17. Nxe4 Bxe4 18. Bxe4 Rxg4 19. Bd5+ Kh8 20. Qxg4 Nf6 21.
Qe6 Nxd5 22. Qxd5 Rd8 23. Kd2 h6 24. a4 Qg6 25. Qf3 Qe6 26. Kd3 Qe7 27. Qe4 Qf7
28. Qf4 Qe7 29. a5 Rf8 30. Qg3 Re8 31. axb6 Qe4+ 32. Kd2 axb6 33. Rg1 Rg8 34.
f3 Qa8 35. Kd3 Qb7 36. Qf4 d5 37. cxd5 Qxd5 38. c4 Qa5 39. Rg6 Qa3+ 40. Kc2
Qa2+ 41. Kc3 Qa1+ 42. Kc2 Qa2+ 43. Kc3 Ra8 44. Rxh6+ Kg8 45. d5 Qa1+ 46. Kd3
Qb1+ 47. Kd4 Qb2+ 48. Ke4 gxh6 49. Qxc7 Re8+ 50. Kf5 Rf8+ 51. Ke4 Qf6 52. f4
Qxh4 53. Qxb6 Qh1+ 54. Kd3 Qd1+ 55. Kc3 Qc1+ 56. Kd3 Qf1+ 57. Kc3 1/2-1/2

[Event "CAN-ch U1900"]
[Site "Kingston CAN"]
[Date "2019.04.21"]
[Round "7.27"]
[White "Bond, Hal"]
[Black "Sharma, Vishruth"]
[Result "1-0"]
[WhiteElo "1644"]
[BlackElo "1745"]
[PlyCount "59"]
[EventDate "2019.04.18"]
[EventType "swiss"]
[EventRounds "9"]
[EventCountry "CAN"]

1. e4 e5 2. f4 Nf6 3. Nc3 d6 4. Nf3 exf4 5. d4 g6 6. Bxf4 Bg7 7. Bc4 O-O 8. O-O
c6 9. Bxd6 Qxd6 10. e5 Qd8 11. exf6 Bxf6 12. Ne4 Bg7 13. c3 Bf5 14. Ng3 Bg4 15.
Qb3 b5 16. Bxf7+ Kh8 17. Ne5 Bxe5 18. dxe5 Nd7 19. Rae1 Qe7 20. Qb4 Rxf7 21.
Rxf7 Qxf7 22. Qxg4 Nc5 23. e6 Qe7 24. Qd4+ Kg8 25. Qg4 Re8 26. Nf5 Qf6 27. Nd4
Nd3 28. Rf1 Qe5 29. Qf3 Kg7 30. Qxd3 1-0

[Event "CAN-ch U1900"]
[Site "Kingston CAN"]
[Date "2019.04.21"]
[Round "7.28"]
[White "Kuryliw, Ray"]
[Black "Groot-Lipman, Jeff"]
[Result "1/2-1/2"]
[WhiteElo "1885"]
[BlackElo "1848"]
[PlyCount "34"]
[EventDate "2019.04.18"]
[EventType "swiss"]
[EventRounds "9"]
[EventCountry "CAN"]

1. f4 f5 2. Nf3 Nf6 3. e3 b6 4. b3 Bb7 5. Bb2 e6 6. c4 c5 7. Be2 Nc6 8. Na3 Be7
9. O-O O-O 10. Nc2 Qc7 11. d3 Rae8 12. Ne5 d6 13. Nxc6 Bxc6 14. Bf3 Bxf3 15.
Qxf3 Nd7 16. d4 Bf6 17. Rab1 Re7 1/2-1/2

[Event "CAN-ch U1900"]
[Site "Kingston CAN"]
[Date "2019.04.21"]
[Round "7.29"]
[White "Hua, Michelle"]
[Black "Xie, Austin"]
[Result "1/2-1/2"]
[WhiteElo "1815"]
[BlackElo "1750"]
[PlyCount "42"]
[EventDate "2019.04.18"]
[EventType "swiss"]
[EventRounds "9"]
[EventCountry "CAN"]

1. c4 e5 2. g3 Nf6 3. Bg2 c6 4. d4 Bb4+ 5. Bd2 Bxd2+ 6. Qxd2 exd4 7. Qxd4 O-O
8. Nc3 Qc7 9. Nf3 d6 10. O-O Bf5 11. Rfd1 Rd8 12. e4 Bg6 13. Nh4 Na6 14. Nxg6
hxg6 15. Rac1 Nc5 16. Bh3 Qe7 17. f3 a5 18. Rd2 Nh7 19. Rcd1 Ng5 20. Bg2 Nge6
21. Qe3 Nc7 1/2-1/2

[Event "CAN-ch U1900"]
[Site "Kingston CAN"]
[Date "2019.04.21"]
[Round "7.30"]
[White "Balasooriya, Randika"]
[Black "Dong, Yiwei"]
[Result "1/2-1/2"]
[WhiteElo "1828"]
[BlackElo "1595"]
[PlyCount "64"]
[EventDate "2019.04.18"]
[EventType "swiss"]
[EventRounds "9"]
[EventCountry "CAN"]

1. e4 e6 2. d4 d5 3. exd5 exd5 4. Bd3 Bd6 5. Ne2 Ne7 6. Bf4 Nbc6 7. c3 Bf5 8.
Na3 Qd7 9. Nc2 O-O-O 10. Bxd6 Qxd6 11. Bxf5+ Nxf5 12. Qd3 Qf6 13. O-O h5 14. a4
Kb8 15. a5 a6 16. b4 Nd6 17. Na3 Qf5 18. Qxf5 Nxf5 19. b5 axb5 20. Nxb5 Nd6 21.
Rfb1 Nxb5 22. Rxb5 Na7 23. Rb2 Ka8 24. Rab1 Rb8 25. Nf4 c6 26. Nd3 Nb5 27. Rb3
Ka7 28. Ne5 f6 29. Nd7 Rbd8 30. Nc5 Rhe8 31. Kf1 Re7 32. Re1 Rde8 1/2-1/2

[Event "CAN-ch U1900"]
[Site "Kingston CAN"]
[Date "2019.04.21"]
[Round "7.31"]
[White "Landstrom, William"]
[Black "Xiao, Edward"]
[Result "1/2-1/2"]
[WhiteElo "1583"]
[BlackElo "1572"]
[PlyCount "44"]
[EventDate "2019.04.18"]
[EventType "swiss"]
[EventRounds "9"]
[EventCountry "CAN"]

1. e4 c5 2. Nf3 d6 3. d4 cxd4 4. Nxd4 Nf6 5. Nc3 a6 6. Be2 e5 7. Nf3 Be7 8. a4
h6 9. O-O Be6 10. h3 Nbd7 11. Be3 O-O 12. Qd2 Rc8 13. Ne1 Nb6 14. a5 Nc4 15.
Bxc4 Bxc4 16. Nd3 d5 17. exd5 Nxd5 18. Rfd1 Nxc3 19. bxc3 f6 20. Qc1 Qc7 21.
Nb4 Bxb4 22. cxb4 Be6 1/2-1/2

[Event "CAN-ch U1900"]
[Site "Kingston CAN"]
[Date "2019.04.21"]
[Round "7.32"]
[White "Hsu, Ted"]
[Black "Dupont-Mageau, Nicolas"]
[Result "1-0"]
[WhiteElo "1732"]
[BlackElo "1459"]
[PlyCount "81"]
[EventDate "2019.04.18"]
[EventType "swiss"]
[EventRounds "9"]
[EventCountry "CAN"]

1. d4 Nf6 2. Bf4 d6 3. e3 g6 4. Nf3 Bg7 5. h3 Nbd7 6. Be2 O-O 7. O-O Re8 8. c3
b6 9. Qb3 Bb7 10. Rd1 e6 11. Nbd2 Ne4 12. Nxe4 Bxe4 13. Nd2 e5 14. Bg3 Bb7 15.
Rac1 exd4 16. cxd4 Kh8 17. Bc4 f5 18. Nf3 Bxf3 19. gxf3 Re7 20. Bd5 Rb8 21. Bc6
Bf6 22. Rc2 Nf8 23. Rdc1 Rg7 24. Qd3 a5 25. a4 Ne6 26. Kg2 Qe7 27. Bd5 c5 28.
Bxe6 Qxe6 29. dxc5 bxc5 30. Qxd6 Qxd6 31. Bxd6 Rxb2 32. Rxc5 h5 33. Rxa5 Rd7
34. Ra6 Ra2 35. Rc8+ Kh7 36. Rc7 Rxc7 37. Bxc7 Bc3 38. h4 Be1 39. Bg3 Bd2 40.
Kf1 Bc3 41. e4 1-0

[Event "CAN-ch U1900"]
[Site "Kingston CAN"]
[Date "2019.04.21"]
[Round "7.33"]
[White "Lesage, Pierre"]
[Black "Krolczyk, Jacob"]
[Result "1/2-1/2"]
[WhiteElo "1676"]
[BlackElo "1783"]
[PlyCount "64"]
[EventDate "2019.04.18"]
[EventType "swiss"]
[EventRounds "9"]
[EventCountry "CAN"]

1. Nf3 Nf6 2. g3 d5 3. Bg2 Bf5 4. d3 h6 5. c4 e6 6. Nc3 c6 7. cxd5 exd5 8. Qb3
Qb6 9. Qxb6 axb6 10. Nh4 Bh7 11. e4 dxe4 12. dxe4 Bb4 13. Nf5 Bxf5 14. exf5 O-O
15. O-O Bxc3 16. bxc3 Ra5 17. Rb1 Nbd7 18. Be3 Rxa2 19. Bxb6 Nxb6 20. Rxb6 Rc2
21. Rxb7 Rxc3 22. Rc7 c5 23. Ra1 Rd8 24. h3 Rc2 25. Rb7 c4 26. Bf3 c3 27. Rc7
Ne8 28. Rc6 Nd6 29. Ra3 Nb5 30. Rb3 Nd4 31. Rcxc3 Nxf3+ 32. Rxf3 Rc1+ 1/2-1/2

[Event "CAN-ch U1900"]
[Site "Kingston CAN"]
[Date "2019.04.21"]
[Round "7.34"]
[White "Srinivas, Atharva"]
[Black "Perkins, Simon"]
[Result "1/2-1/2"]
[WhiteElo "1683"]
[BlackElo "1753"]
[PlyCount "45"]
[EventDate "2019.04.18"]
[EventType "swiss"]
[EventRounds "9"]
[EventCountry "CAN"]

1. e4 d5 2. exd5 Qxd5 3. Nc3 Qd6 4. d3 Nf6 5. Nf3 Bg4 6. g3 c6 7. Bg2 Nbd7 8.
a3 Qc7 9. Be3 e6 10. Qd2 Be7 11. O-O-O b5 12. Ne2 b4 13. a4 Rb8 14. b3 Nd5 15.
h3 Bxf3 16. Bxf3 Bf6 17. Bf4 Nxf4 18. Qxf4 Be5 19. Qc4 c5 20. d4 Bd6 21. dxc5
Qxc5 22. Qxc5 Bxc5 23. Bc6 1/2-1/2

[Event "CAN-ch U1900"]
[Site "Kingston CAN"]
[Date "2019.04.21"]
[Round "7.35"]
[White "Dickson, Raymond"]
[Black "Durhan, Batuhan"]
[Result "1-0"]
[WhiteElo "1594"]
[BlackElo "1661"]
[PlyCount "93"]
[EventDate "2019.04.18"]
[EventType "swiss"]
[EventRounds "9"]
[EventCountry "CAN"]

1. d4 d5 2. e3 e6 3. Bd3 Nf6 4. Nd2 Bd6 5. f4 Nc6 6. c3 Bd7 7. Ngf3 Ng4 8. Qe2
f5 9. O-O Qe7 10. h3 Nf6 11. Ne5 Bxe5 12. fxe5 Ne4 13. Nxe4 dxe4 14. Bb5 O-O-O
15. b4 g5 16. a4 h5 17. Ba3 Qh7 18. Bxc6 Bxc6 19. b5 Bd7 20. Qc4 h4 21. Bd6 Be8
22. Qxe6+ Bd7 23. Qc4 Be8 24. Rxf5 Kb8 25. Bxc7+ Qxc7 26. Qxc7+ Kxc7 27. Rxg5
Bf7 28. Rg7 Rd7 29. Rf1 Bb3 30. Rxd7+ Kxd7 31. a5 Bc4 32. Rf4 Bxb5 33. Rxe4 Rc8
34. Rxh4 Rxc3 35. Rh7+ Ke6 36. e4 Re3 37. Rh6+ Kd7 38. Rh7+ Kc6 39. d5+ Kc5 40.
Rxb7 a6 41. d6 Rxe4 42. Re7 Rd4 43. g4 Bd3 44. d7 Kc6 45. e6 Kc7 46. Re8 Rd6
47. Rc8+ 1-0

[Event "CAN-ch U1900"]
[Site "Kingston CAN"]
[Date "2019.04.21"]
[Round "7.36"]
[White "Masse-Garneau, Anthony"]
[Black "Samuel, Victor"]
[Result "1/2-1/2"]
[WhiteElo "1742"]
[BlackElo "1632"]
[PlyCount "66"]
[EventDate "2019.04.18"]
[EventType "swiss"]
[EventRounds "9"]
[EventCountry "CAN"]

1. e4 c5 2. Nc3 a6 3. f4 b5 4. b3 g6 5. Bb2 Bg7 6. Nf3 d6 7. Be2 Bb7 8. d3 Nd7
9. O-O e6 10. Qc1 Ne7 11. Nxb5 axb5 12. Bxg7 Rg8 13. Bb2 Nc6 14. Kh1 e5 15.
fxe5 dxe5 16. Qe3 g5 17. Nd2 g4 18. Qh6 Qg5 19. Qxg5 Rxg5 20. Rf2 Nd4 21. Bxd4
exd4 22. Raf1 Rxa2 23. Bd1 Rg7 24. Rf5 Ra1 25. g3 f6 26. Kg2 Ke7 27. Rh5 Ne5
28. Kf2 Ra2 29. Ke2 Bc6 30. Rh6 Rf7 31. Ke1 Ra1 32. Kf2 Ra2 33. Ke1 Ra1 1/2-1/2

[Event "CAN-ch U1900"]
[Site "Kingston CAN"]
[Date "2019.04.21"]
[Round "7.37"]
[White "Dickaon, Kirk Johannes"]
[Black "Page, Dany"]
[Result "1/2-1/2"]
[WhiteElo "1682"]
[BlackElo "1740"]
[PlyCount "94"]
[EventDate "2019.04.18"]
[EventType "swiss"]
[EventRounds "9"]
[EventCountry "CAN"]

1. d4 Nf6 2. e3 c5 3. c3 b6 4. f4 Bb7 5. Nf3 g6 6. Bd3 Bg7 7. O-O d6 8. Nbd2
Nbd7 9. Qe1 O-O 10. Qh4 Nd5 11. Ne4 h6 12. g4 c4 13. Bc2 N7f6 14. Ng3 Nh7 15.
g5 e6 16. Qh3 hxg5 17. Nxg5 Nxg5 18. fxg5 Qxg5 19. e4 Ne3 20. Re1 Qg4 21. Qxg4
Nxg4 22. b3 Ba6 23. b4 Bb7 24. Bd1 Nf6 25. Bf3 b5 26. Bg5 d5 27. e5 Nd7 28. Bg4
a5 29. a3 axb4 30. axb4 Rxa1 31. Rxa1 Ra8 32. Rxa8+ Bxa8 33. Ne2 Kh7 34. h4 Nb6
35. Kf2 Bh6 36. Ke3 Na4 37. Kd2 Nb2 38. Nf4 Bc6 39. Kc2 Na4 40. Kd2 Bd7 41. Ne2
Nb6 42. Ke3 Nc8 43. Kf3 Bf8 44. Kf4 Be7 45. Bf3 Kg7 46. Bg4 f6 47. exf6+ Bxf6
1/2-1/2

[Event "CAN-ch U1900"]
[Site "Kingston CAN"]
[Date "2019.04.21"]
[Round "7.38"]
[White "Stopic, Alexander"]
[Black "Laurin, Marcel"]
[Result "1-0"]
[WhiteElo "1689"]
[BlackElo "1680"]
[PlyCount "35"]
[EventDate "2019.04.18"]
[EventType "swiss"]
[EventRounds "9"]
[EventCountry "CAN"]

1. c4 b6 2. Nc3 Bb7 3. d4 d6 4. Bf4 e6 5. Nf3 h6 6. e3 g5 7. Bg3 Be7 8. Bd3 h5
9. h3 f5 10. d5 h4 11. Bh2 Bc8 12. Nd4 Kf7 13. dxe6+ Bxe6 14. Qf3 Nd7 15. Nxe6
Qc8 16. Qxf5+ Bf6 17. Nxg5+ Ke7 18. Qe6+ 1-0

[Event "CAN-ch U1900"]
[Site "Kingston CAN"]
[Date "2019.04.22"]
[Round "8.26"]
[White "Bond, Hal"]
[Black "Balasooriya, Randika"]
[Result "1/2-1/2"]
[WhiteElo "1644"]
[BlackElo "1828"]
[PlyCount "72"]
[EventDate "2019.04.18"]
[EventType "swiss"]
[EventRounds "9"]
[EventCountry "CAN"]

1. e4 e5 2. Nf3 Nc6 3. Bc4 Bc5 4. c3 Nf6 5. d4 exd4 6. cxd4 Bb4+ 7. Nc3 Nxe4 8.
O-O Bxc3 9. d5 Bf6 10. Re1 O-O 11. Rxe4 Ne7 12. Qb3 d6 13. Bg5 Ng6 14. Bxf6
Qxf6 15. Rae1 Bf5 16. R4e3 Rab8 17. R1e2 a6 18. Qd1 Bg4 19. h3 Bxf3 20. Rxf3
Qh4 21. Bd3 Ne5 22. Rfe3 c5 23. dxc6 Nxc6 24. Re4 Qf6 25. Qc2 Nd4 26. Rxd4 Qxd4
27. Bxh7+ Kh8 28. Re4 Qf6 29. Bf5 g6 30. Bd7 Kg7 31. Qd2 Rbd8 32. Ba4 b5 33.
Bb3 Rfe8 34. Rf4 Qe7 35. Rxf7+ Qxf7 36. Bxf7 Kxf7 1/2-1/2

[Event "CAN-ch U1900"]
[Site "Kingston CAN"]
[Date "2019.04.22"]
[Round "8.27"]
[White "Groot-Lipman, Jeff"]
[Black "Ramesh, Sanjay"]
[Result "1/2-1/2"]
[WhiteElo "1848"]
[BlackElo "1777"]
[PlyCount "84"]
[EventDate "2019.04.18"]
[EventType "swiss"]
[EventRounds "9"]
[EventCountry "CAN"]

1. e4 e5 2. Nc3 Nc6 3. f4 Bb4 4. Nf3 d6 5. Bb5 Bg4 6. h3 Bxf3 7. Qxf3 Nge7 8.
fxe5 dxe5 9. O-O O-O 10. Bxc6 Nxc6 11. d3 Nd4 12. Qd1 c6 13. Ne2 Bc5 14. Nxd4
Bxd4+ 15. Kh1 Qe7 16. Qe2 Rad8 17. Rf3 Rd6 18. c3 Bb6 19. a4 Qd7 20. Bg5 f6 21.
Bh4 Rd8 22. Rd1 c5 23. b3 c4 24. bxc4 Qxa4 25. g4 Rf8 26. Bg3 Re6 27. Rdf1 Qa3
28. g5 Qxc3 29. gxf6 Rexf6 30. Rxf6 Rxf6 31. Rxf6 gxf6 32. Qg4+ Kf7 33. Qh5+
Ke7 34. Qxh7+ Kd6 35. Qf5 Qc1+ 36. Kg2 Qd2+ 37. Bf2 Qxf2+ 38. Qxf2 Bxf2 39.
Kxf2 Ke6 40. Ke3 f5 41. exf5+ Kxf5 42. d4 exd4+ 1/2-1/2

[Event "CAN-ch U1900"]
[Site "Kingston CAN"]
[Date "2019.04.22"]
[Round "8.28"]
[White "Phillips, Brian"]
[Black "Hua, Michelle"]
[Result "0-1"]
[WhiteElo "1654"]
[BlackElo "1815"]
[PlyCount "86"]
[EventDate "2019.04.18"]
[EventType "swiss"]
[EventRounds "9"]
[EventCountry "CAN"]

1. e4 c5 2. Nc3 d6 3. f4 Nf6 4. Nf3 Nc6 5. Bb5 g6 6. Bxc6+ bxc6 7. O-O Bg7 8.
d3 O-O 9. Qe1 Bg4 10. Qh4 Qd7 11. Kh1 Bxf3 12. Rxf3 Qg4 13. Qf2 Qd7 14. Bd2
Rab8 15. Rf1 Rxb2 16. Bc1 Rbb8 17. h3 Qc7 18. e5 Nd7 19. Ne4 Rb5 20. Ng5 h6 21.
Nxf7 Rxf7 22. e6 Rf8 23. exd7 Qxd7 24. Re1 Kh7 25. Qg3 Bf6 26. Rfe3 Rf7 27. Re6
Rg7 28. Qf2 a5 29. f5 g5 30. Qe2 Qd8 31. Qe4 Qc8 32. a4 Rb4 33. Qe2 Rxa4 34.
Bd2 Ra2 35. Rc1 a4 36. Qh5 Qf8 37. Qf3 a3 38. Qxc6 Bb2 39. Qe4 Bf6 40. Qg4 Rb2
41. Qe4 a2 42. Qa4 Bd4 43. Bc3 Bxc3 0-1

[Event "CAN-ch U1900"]
[Site "Kingston CAN"]
[Date "2019.04.22"]
[Round "8.29"]
[White "Xiao, Edward"]
[Black "Kuryliw, Ray"]
[Result "1-0"]
[WhiteElo "1572"]
[BlackElo "1885"]
[PlyCount "147"]
[EventDate "2019.04.18"]
[EventType "swiss"]
[EventRounds "9"]
[EventCountry "CAN"]

1. d4 Nf6 2. c4 c5 3. d5 b5 4. cxb5 a6 5. b6 Qxb6 6. Nc3 g6 7. Nf3 d6 8. e4
Nbd7 9. Bc4 Bg7 10. O-O O-O 11. Rb1 Ng4 12. Bf4 Nge5 13. Nxe5 Nxe5 14. Be2 f5
15. f3 Bd7 16. Qd2 Rab8 17. Bh6 Rb7 18. Bxg7 Kxg7 19. Qg5 Be8 20. Qg3 f4 21.
Qh4 h6 22. g4 g5 23. Qf2 Bb5 24. Nxb5 axb5 25. b3 Ra8 26. Ra1 Ra3 27. Rfb1 Qa5
28. Bf1 Qb4 29. Kg2 Rba7 30. Qc2 Qd4 31. Bxb5 Qe3 32. Rf1 Ra8 33. Qb2 R3a5 34.
a4 Rh8 35. Rae1 Qd4 36. Qxd4 cxd4 37. Rd1 d3 38. Bxd3 Nxd3 39. Rxd3 Rc5 40.
Rfd1 h5 41. gxh5 Rxh5 42. h3 Rh8 43. b4 Rc4 44. Rd4 Rc3 45. R1d2 Rb8 46. Rb2
Ra3 47. b5 Rc8 48. Rdb4 Rcc3 49. Rf2 Ra1 50. h4 g4 51. fxg4 Rg3+ 52. Kh2 Raa3
53. Rbb2 Rh3+ 54. Kg2 Rxh4 55. Rxf4 Rxa4 56. b6 Rh8 57. Rbf2 Raa8 58. Rf7+ Kg6
59. b7 Rab8 60. Rxe7 Kg5 61. Kg3 Rh1 62. Rg7+ Kh6 63. Rff7 Rb1 64. Rc7 Rb2 65.
Rc8 R8xb7 66. Rxb7 Rxb7 67. Rc6 Kg5 68. Rxd6 Rb3+ 69. Kf2 Kf4 70. Re6 Rb2+ 71.
Ke1 Kxg4 72. d6 Kf4 73. d7 Ke3 74. d8=Q 1-0

[Event "CAN-ch U1900"]
[Site "Kingston CAN"]
[Date "2019.05.22"]
[Round "8.30"]
[White "Xie, Austin"]
[Black "Hsu, Ted"]
[Result "0-1"]
[WhiteElo "1750"]
[BlackElo "1732"]
[PlyCount "74"]
[EventDate "2019.04.18"]
[EventType "swiss"]
[EventRounds "9"]
[EventCountry "CAN"]

1. e4 e6 2. d4 d5 3. Nc3 Bb4 4. e5 c5 5. a3 Bxc3+ 6. bxc3 Qc7 7. Nf3 Bd7 8. Bd3
c4 9. Be2 Ba4 10. O-O Nd7 11. Bf4 h6 12. Qd2 O-O-O 13. Bg3 Nf8 14. Ne1 Ne7 15.
f4 Nf5 16. Bg4 Nxg3 17. hxg3 Kb8 18. f5 exf5 19. Bxf5 Ne6 20. Nf3 Rdg8 21. Bxe6
fxe6 22. Rf2 Qe7 23. Qe1 g5 24. Nh2 h5 25. Qd2 g4 26. Rf6 h4 27. Qf4 hxg3 28.
Nxg4 Rh4 29. Nh6 Rxf4 30. Nxg8 Qh7 31. Rxf4 Qh2+ 32. Kf1 Qh1+ 33. Ke2 Qxa1 34.
Rf8+ Kc7 35. Rf7+ Kb6 36. Rf1 Qxc3 37. Rb1+ Ka6 0-1

[Event "CAN-ch U1900"]
[Site "Kingston CAN"]
[Date "2019.04.22"]
[Round "8.31"]
[White "Dong, Yiwei"]
[Black "Landstrom, William"]
[Result "1-0"]
[WhiteElo "1595"]
[BlackElo "1583"]
[PlyCount "65"]
[EventDate "2019.04.18"]
[EventType "swiss"]
[EventRounds "9"]
[EventCountry "CAN"]

1. d4 d6 2. e4 Nf6 3. Nc3 e5 4. dxe5 dxe5 5. Qxd8+ Kxd8 6. Nf3 Bd6 7. Be3 Be6
8. Ng5 Ke7 9. Nxe6 Kxe6 10. Bc4+ Ke7 11. f3 c6 12. a4 Nbd7 13. O-O-O Rhd8 14.
Ne2 Nb6 15. Bb3 Nfd7 16. a5 Nc8 17. Ng3 g6 18. Bd2 Nc5 19. Bc4 b6 20. h4 h5 21.
Nf1 Rd7 22. Ne3 Bc7 23. g4 hxg4 24. Nxg4 Ne6 25. h5 gxh5 26. Rxh5 b5 27. Bxe6
Kxe6 28. Rh6+ f6 29. Rxf6+ Ke7 30. Rh1 Bd6 31. Bg5 Ke8 32. Rh8+ Ke7 33. Rff8+
1-0

[Event "CAN-ch U1900"]
[Site "Kingston CAN"]
[Date "2019.04.22"]
[Round "8.32"]
[White "Sharma, Vishruth"]
[Black "Krolczyk, Jacob"]
[Result "1-0"]
[WhiteElo "1745"]
[BlackElo "1783"]
[PlyCount "83"]
[EventDate "2019.04.18"]
[EventType "swiss"]
[EventRounds "9"]
[EventCountry "CAN"]

1. e4 c5 2. Nf3 d6 3. d4 cxd4 4. Nxd4 Nf6 5. Nc3 a6 6. Be3 Ng4 7. Bg5 h6 8. Bh4
g5 9. Bg3 Bg7 10. Be2 h5 11. h3 h4 12. Bxg4 hxg3 13. Bxc8 gxf2+ 14. Kxf2 Qxc8
15. Ke1 Qc5 16. Nde2 Nc6 17. Rf1 e6 18. Qd2 b5 19. Rd1 Be5 20. Nc1 Bg3+ 21. Ke2
O-O-O 22. Nb3 Qe5 23. Qe3 Rh4 24. Rf3 b4 25. Qb6 Rxe4+ 26. Nxe4 Qxe4+ 27. Kf1
Qc4+ 28. Kg1 Bf4 29. Na5 Nxa5 30. Qxa5 d5 31. c3 Qe2 32. Rdf1 Be3+ 33. Kh1 f5
34. cxb4 g4 35. Rc1+ Bxc1 36. Rc3+ Kd7 37. Rxc1 Qe5 38. Qxa6 gxh3 39. Qb7+ Ke8
40. Qc6+ Kf7 41. Qc7+ Kf6 42. Qxd8+ 1-0

[Event "CAN-ch U1900"]
[Site "Kingston CAN"]
[Date "2019.04.22"]
[Round "8.33"]
[White "Perkins, Simon"]
[Black "Lesage, Pierre"]
[Result "0-1"]
[WhiteElo "1753"]
[BlackElo "1676"]
[PlyCount "68"]
[EventDate "2019.04.18"]
[EventType "swiss"]
[EventRounds "9"]
[EventCountry "CAN"]

1. d4 Nf6 2. Nf3 g6 3. Bf4 Bg7 4. e3 d6 5. Be2 c5 6. O-O Nh5 7. Bg5 h6 8. Bh4
O-O 9. c3 cxd4 10. exd4 Nf4 11. Nbd2 g5 12. Bg3 Nc6 13. Bxf4 gxf4 14. Qc2 e5
15. dxe5 dxe5 16. Rad1 Qe7 17. Rfe1 Bg4 18. Bd3 Rae8 19. Kh1 Qc7 20. h3 Bc8 21.
Nh4 Ne7 22. Rg1 Bf6 23. Nhf3 Kh8 24. Ne4 Bg7 25. Ned2 f5 26. Nh4 e4 27. Be2 Bf6
28. g3 Rg8 29. Kh2 Bxh4 30. gxh4 f3+ 31. Kh1 fxe2 32. Rxg8+ Rxg8 33. Re1 Qe5
34. Rxe2 Qg7 0-1

[Event "CAN-ch U1900"]
[Site "Kingston CAN"]
[Date "2019.04.22"]
[Round "8.34"]
[White "Dupont-Mageau, Nicolas"]
[Black "Dickson, Raymond"]
[Result "1-0"]
[WhiteElo "1459"]
[BlackElo "1594"]
[PlyCount "65"]
[EventDate "2019.04.18"]
[EventType "swiss"]
[EventRounds "9"]
[EventCountry "CAN"]

1. e4 d5 2. exd5 Nf6 3. c4 e6 4. dxe6 Bxe6 5. Nf3 Bc5 6. Be2 c6 7. O-O O-O 8.
d4 Bd6 9. Be3 Nbd7 10. h3 Qe7 11. Qc2 Bc7 12. Nc3 Nb6 13. b3 Rad8 14. Rad1 Qd7
15. Ng5 Bf5 16. Bd3 Bxd3 17. Qxd3 Rfe8 18. Nf3 Re6 19. Bg5 h6 20. Bxf6 Rxf6 21.
Rfe1 g5 22. Ne4 Rg6 23. Nc5 Qc8 24. Ne5 Rg7 25. Ng4 Rg6 26. Qf3 Kg7 27. Re7 Rf8
28. Rde1 Bd6 29. R7e2 Bxc5 30. dxc5 Nd7 31. Qc3+ Kg8 32. Re7 f5 33. Nxh6+ 1-0

[Event "CAN-ch U1900"]
[Site "Kingston CAN"]
[Date "2019.04.22"]
[Round "8.35"]
[White "Samuel, Victor"]
[Black "Srinivas, Atharva"]
[Result "1/2-1/2"]
[WhiteElo "1632"]
[BlackElo "1683"]
[PlyCount "36"]
[EventDate "2019.04.18"]
[EventType "swiss"]
[EventRounds "9"]
[EventCountry "CAN"]

1. d4 d5 2. Bf4 Nf6 3. e3 c6 4. Nd2 e6 5. Ngf3 Nbd7 6. c3 Be7 7. h3 h6 8. Bd3
b6 9. O-O O-O 10. Bc2 Bb7 11. Re1 c5 12. a4 Re8 13. Ne5 Nxe5 14. dxe5 Nd7 15.
Qg4 Bg5 16. Bg3 f5 17. Qe2 Rc8 18. a5 Ra8 1/2-1/2